00662nam a22001697a 4500999001700000008004100017020001400058050002100072100002000093245006800113260007000181300002200251650004000273700002100313942003300334952012500367 c17796d17796161129b xxu||||| |||| 00| 0 eng d a821117149 aLB 1131 C78 1974 aTyler, Ralph W. aCrucial issues in testing/cRalph W. Tyler and Richard M. Wolf. aCalifornia (Berkeley) :bMcCutchan Publishing Corporation,c1974. ax, 170p. :c22cm. aEducational tests and measurements. aWolf, Richard M. 2lcccBOOKShLB 1131 C78 1974 00102lcc4070aMUCbMUCcTECHd2016-11-29eDonation (B.F.A)l0oLB 1131 C78 1974p28694r2018-06-08w2016-11-29yBOOKS